000 00776na a2200229 4500
001 23668
003 MIRAKIL
005 20181213155314.0
008 171124b tu 000 0
020 _a9759697424
040 _aMilas
_btur
_cTR-AnCHP
041 _atur
082 _a923.156 Demirel,S.
_bD25c 1999
090 _a923.156 Demirel,S. D25c 1999
100 _aDemirel,Süleyman
245 _aCumhurbaşkanı sayın Süleyman Demirel'in çeşitli televizyon kanallarında yayınlanan mülakatları
_cSüleyman Demirel
260 _aAnkara
_bBaşbakanlık Basımevi
_c1999
300 _a348 s.
_c29 sm.
600 _aDemirel,Süleyman
_xTelevizyonda siyaset
600 _aDemirel,Süleyman
_cCumhurbaşkanı
_d1924 - 2015
_xSöylev ve demeçler
942 _2dcc
_cBKS
999 _c10313
_d10313